000 00300nam a22001337a 4500
008 180125b xxu||||| |||| 00| 0 eng d
020 _a071549055202
041 _aeng
080 _a574
100 _a9
101 _aMJE
245 _aAll about growing fruits& berries
_cKirkman,W
942 _2udc
_cBK
999 _c40970
_d40970